Bundesliga-Mannschaften - 30 Sekunden-Sprint - Statistiken

Allgemein
  • Dieses Quiz wurde 50 mal gespielt
  • Das Durchschnittsergebnis liegt bei 12 aus 18
Antwortstatistiken
Verein % Korrekt
FC Bayern München
100%
Borussia Dortmund
98%
Hamburger SV
91%
Bayer 04 Leverkusen
84%
RB Leipzig
70%
1. FSV Mainz 05
66%
1. FC Köln
64%
Borussia Mönchengladbach
64%
SV Werder Bremen
64%
FC St. Pauli
61%
SC Freiburg
61%
VfB Stuttgart
61%
1. FC Heidenheim
59%
TSG 1899 Hoffenheim
59%
FC Augsburg
57%
VfL Wolfsburg
50%
Eintracht Frankfurt
48%
1. FC Union Berlin
39%
Keine übereinstimmenden Quizze gefunden
Verteilung der Resultate
Anzahl Personen mit jedem Resultat
Perzentil nach korrekt beantworteten Fragen
Ihre Resultats-Entwicklung
Sie haben dieses Quiz noch nicht gespielt